Shakespeare, pattern of excelling nature : (Record no. 23953)

000 -LEADER
fixed length control field 01082cam a2200253 i 4500
001 - CONTROL NUMBER
control field 360850
005 - DATE AND TIME OF LATEST TRANSACTION
control field 20170127122826.0
008 - FIXED-LENGTH DATA ELEMENTS--GENERAL INFORMATION
fixed length control field 771118s1978 nju b 100 0 eng
010 ## - LIBRARY OF CONGRESS CONTROL NUMBER
LC control number 77082878
020 ## - INTERNATIONAL STANDARD BOOK NUMBER
International Standard Book Number 0874131294
040 ## - CATALOGING SOURCE
Original cataloging agency DLC
Transcribing agency DLC
Modifying agency DLC
050 00 - LIBRARY OF CONGRESS CALL NUMBER
Classification number PR2890
Item number .W66 1976
110 2# - MAIN ENTRY--CORPORATE NAME
Corporate name or jurisdiction name as entry element International Shakespeare Association.
Subordinate unit Congress
Number of part/section/meeting (1st :
Date of meeting or treaty signing 1976 :
Location of meeting Washington, D.C.)
245 10 - TITLE STATEMENT
Title Shakespeare, pattern of excelling nature :
Remainder of title Shakespeare criticism in honor of America's Bicentennial : from the International Shakespeare Association Congress, Washington, D. C., April 1976 /
Statement of responsibility, etc. edited by David Bevington and Jay L. Halio.
260 ## - PUBLICATION, DISTRIBUTION, ETC. (IMPRINT)
Place of publication, distribution, etc. Newark :
Name of publisher, distributor, etc. University of Delaware Press,
Date of publication, distribution, etc. c1978.
300 ## - PHYSICAL DESCRIPTION
Extent 304 p. ;
Dimensions 24 cm.
504 ## - BIBLIOGRAPHY, ETC. NOTE
Bibliography, etc Includes bibliographical references.
600 10 - SUBJECT ADDED ENTRY--PERSONAL NAME
Personal name Shakespeare, William,
Dates associated with a name 1564-1616
General subdivision Criticism and interpretation
-- Congresses.
700 1# - ADDED ENTRY--PERSONAL NAME
Personal name Bevington, David M.
700 1# - ADDED ENTRY--PERSONAL NAME
Personal name Halio, Jay L.
906 ## - LOCAL DATA ELEMENT F, LDF (RLIN)
a 7
b cbc
c orignew
d 1
e opcn
f 19
g y-gencatlg
942 ## - ADDED ENTRY ELEMENTS (KOHA)
Source of classification or shelving scheme
Koha item type Hard Covered Materials
Classification part PR 2890 .W66 1976
Holdings
Withdrawn status Lost status Source of classification or shelving scheme Damaged status Not for loan Home library Current library Shelving location Date acquired Source of acquisition Total Checkouts Full call number Barcode Date last seen Price effective from Koha item type
          MACHAKOS UNIVERSITY LIBRARY MACHAKOS UNIVERSITY LIBRARY Technical section 27/01/2017 Donation (B.F.A)   PR 2890 .W66 1976 32132 22/10/2018 27/01/2017 Hard Covered Materials
© Machakos University Library, Along The Highway, Machakos Wote Rd, Machakos, Kenya P.O. Box 136 - 90100 Machakos - Kenya

Tel: ( +254 ) 723 805829 OR Fax : 044-20353 OR Email: library@mksu.ac.ke